Smash Ultimate Characters By Image - Statistics

General Stats
  • This quiz has been taken 54 times
    46 since last reset
  • The average score is 24 of 59
Answer Stats
Picture Answer % Correct
Mario
100%
Fox
90%
Kirby
90%
Pikachu
90%
Link
85%
Bowser
83%
Charizard
83%
Peach
83%
Wario
83%
Pokémon Trainer
80%
Falco
78%
Wolf
73%
Zelda
73%
Daisy
68%
Snake
65%
Ice Climbers
63%
Mewtwo
60%
Luigi
58%
Young Link
58%
Joker
55%
Pac-Man
55%
Donkey Kong
53%
Ness
48%
Samus
48%
Marth
35%
Duck Hunt
33%
Ken
33%
Cloud
30%
Roy
30%
Lucina
28%
Sora
28%
Hero
25%
Lucas
25%
Pichu
25%
Pit
25%
Roy
25%
Sonic
25%
Alex
23%
Steve
23%
Zombie
23%
Ike
20%
Sheik
20%
Terry
20%
Chrom
18%
Mega Man
18%
Simon
18%
Dark Pit
15%
Isabelle
15%
Min Min
15%
Robin
15%
Villager
15%
Ludwig
13%
Morton
13%
Richter
13%
Wendy
13%
Piranha Plant
10%
Ridley
5%
Alph
3%
Inkling
3%
No matching quizzes found
Score Distribution
Percent of People with Each Score
Percentile by Number Answered
Your Score History
You have not taken this quiz since the last reset